• 首页
  • 本馆介绍
  • 公告通知
  • 最新文献
  • 馆藏检索
  • 电子资源
  • 读者导购
  • 参考咨询
  • 我的图书馆
  • 登录
  • 详细信息显示
  • 放入我的书架
  • 预约/预借图书
  • 作者相关作品
  • 分类相关作品
  • 丛书相关作品
  • 出版社相关作品

书目信息

  • 表格格式
  • 工作单格式
  • 卡片格式
题名:
全国一级建造师执业资格考试专业部分仿真试题、真题试卷及答案(房屋建筑、铁路)
    
 
作者: 李东升 主编
分册:  
出版信息: 天津   天津大学出版社  2006.09
页数: 180页
开本: 26cm
丛书名:
单 册:
中图分类: TU-44
科图分类:
主题词: 建筑学
电子资源:
ISBN: 7-5618-2276-6
000 00817nam0 2200217 450
001 0774287486
005 20071221203912.84
010    @a7-5618-2276-6@dCNY19.80
100    @a20071221d2006 km y0chiy0120 ea
101 0  @achi
102    @aCN@b120000
200 1  @a全国一级建造师执业资格考试专业部分仿真试题、真题试卷及答案(房屋建筑、铁路)@Aquan guo yi ji jian zao shi zhi ye zi ge kao shi zhuan ye bu fen fang zhen shi ti、zhen ti shi juan ji da an(fang wu jian zhu、tie lu)@f李东升主编@Fli dong sheng zhu bian
210    @a天津@c天津大学出版社@d2006.09
215    @a180页@d26cm
300    @a全国一级建造师执业资格考试指导用书
606 0  @a建筑学
690    @aTU-44@v4
701  0 @a李东升@Ali dong sheng@4主编
801  0 @aCN@b大连网信软件有限公司图书馆@c20071221
905    @aBZT@dTU-44@e6
906    @dCNY19.80@n0@r1
    
    全国一级建造师执业资格考试专业部分仿真试题、真题试卷及答案(房屋建筑、铁路)/李东升主编.-天津:天津大学出版社,2006.09
    180页;26cm
    全国一级建造师执业资格考试指导用书
    
    ISBN 7-5618-2276-6:CNY19.80
    
●
相关链接 在五车中查询图书 在当当中查询图书 在豆瓣中查询图书


正题名:全国一级建造师执业资格考试专业部分仿真试题、真题试卷及答案(房屋建筑、铁路)     索取号:TU-44/6         预约/预借

序号 登录号 条形码 馆藏地/架位号 状态 备注
1 630155   2000630155   中心书库中库/ 中库023架B面4列7层38/ [索取号:TU-44/6] 在馆    
2 630156   2000630156   中心书库中库/ 中库023架B面4列7层45/ [索取号:TU-44/6] 在馆    
3 630157   2000630157   中心书库中库/ 中库023架B面4列7层44/ [索取号:TU-44/6] 在馆    
4 630158   2000630158   中心书库中库/ 中库023架B面4列7层40/ [索取号:TU-44/6] 在馆    
5 630159   2000630159   中心书库中库/ 中库023架B面4列7层39/ [索取号:TU-44/6] 在馆    
6 630160   2000630160   中心书库中库/ 中库023架B面4列7层42/ [索取号:TU-44/6] 在馆    
7 630161   2000630161   中心书库中库/ 中库023架B面4列7层47/ [索取号:TU-44/6] 在馆    
8 630162   2000630162   中心书库中库/ 中库023架B面4列7层46/ [索取号:TU-44/6] 在馆    
9 630163   2000630163   中心书库中库/ 中库023架B面4列7层41/ [索取号:TU-44/6] 在馆    
10 630164   2000630164   中心书库中库/ 中库023架B面4列7层43/ [索取号:TU-44/6] 在馆    
山东省滨州职业学院图书馆 欢迎您!
大连网信软件有限公司© 版权所有